Interpreting archaeology : finding meaning in the past (Registro nro. 289852)

Detalles MARC
001 - NÚMERO DE CONTROL
campo de control 833088
005 - FECHA Y HORA DE LA ÚLTIMA TRANSACCIÓN
campo de control 20260506095843.0
008 - DATOS DE LONGITUD FIJA--INFORMACIÓN GENERAL
campo de control de longitud fija 030723e19950202 eng
020 ## - NÚMERO INTERNACIONAL ESTÁNDAR DEL LIBRO
Número Internacional Estándar del Libro 0415157447
035 ## - NÚMERO DE CONTROL DEL SISTEMA
Número de control de sistema 833088
035 ## - NÚMERO DE CONTROL DEL SISTEMA
Número de control de sistema (OCoLC)777865283
040 ## - FUENTE DE LA CATALOGACIÓN
Centro/agencia transcriptor comduadb
041 ## - CÓDIGO DE LENGUA
Código de lengua del texto/banda sonora o título independiente eng
082 #4 - NÚMERO DE LA CLASIFICACIÓN DECIMAL DEWEY
Número de clasificación 571
100 10 - ENTRADA PRINCIPAL--NOMBRE DE PERSONA
Nombre de persona Hodder, Ian
Código de función edt
Término indicativo de función/relación Editor/a
9 (RLIN) 267921
245 10 - MENCIÓN DE TÍTULO
Título Interpreting archaeology : finding meaning in the past
260 ## - PUBLICACIÓN, DISTRIBUCIÓN, ETC.
Lugar de publicación, distribución, etc. Nueva York :
Nombre del editor, distribuidor, etc. Roudledge,
Fecha de publicación, distribución, etc. 1995.
300 ## - DESCRIPCIÓN FÍSICA
Extensión 275 páginas
650 ## - PUNTO DE ACCESO ADICIONAL DE MATERIA--TÉRMINO DE MATERIA
Término de materia o nombre geográfico como elemento de entrada Filosofia de la arqueologia
9 (RLIN) 123072
650 ## - PUNTO DE ACCESO ADICIONAL DE MATERIA--TÉRMINO DE MATERIA
Término de materia o nombre geográfico como elemento de entrada Arqueología e historia
9 (RLIN) 17398
650 ## - PUNTO DE ACCESO ADICIONAL DE MATERIA--TÉRMINO DE MATERIA
Término de materia o nombre geográfico como elemento de entrada Interpretacion arqueologica
9 (RLIN) 38446
650 #4 - PUNTO DE ACCESO ADICIONAL DE MATERIA--TÉRMINO DE MATERIA
Término de materia o nombre geográfico como elemento de entrada Primates
9 (RLIN) 34638
650 #7 - PUNTO DE ACCESO ADICIONAL DE MATERIA--TÉRMINO DE MATERIA
Término de materia o nombre geográfico como elemento de entrada Antropología de la educación
Fuente del encabezamiento o término lemb
9 (RLIN) 10118
700 10 - ENTRADA AGREGADA--NOMBRE PERSONAL
Nombre de persona Shanks, Michael
Código de función edt
Término indicativo de función/relación Editor/a
9 (RLIN) 376276
700 10 - ENTRADA AGREGADA--NOMBRE PERSONAL
Nombre de persona Alexandri, Alexandra
Código de función edt
Término indicativo de función/relación Editor/a
9 (RLIN) 378361
700 10 - ENTRADA AGREGADA--NOMBRE PERSONAL
Nombre de persona Buchli, Victor
Código de función edt
Término indicativo de función/relación Editor/a
9 (RLIN) 378362
700 10 - ENTRADA AGREGADA--NOMBRE PERSONAL
Nombre de persona Carman, John C.
Código de función edt
Término indicativo de función/relación Editor/a
9 (RLIN) 328847
700 10 - ENTRADA AGREGADA--NOMBRE PERSONAL
Nombre de persona Last, Jonathan
Código de función edt
Término indicativo de función/relación Editor/a
9 (RLIN) 376273
700 10 - ENTRADA AGREGADA--NOMBRE PERSONAL
Nombre de persona Lucas, Gavin
Código de función edt
Término indicativo de función/relación Editor/a
9 (RLIN) 376274
942 ## - ELEMENTOS DE ENTRADA AGREGADA (KOHA)
Tipo de ítem Koha Libros
Existencias
Estado de retiro Estado de pérdida Estado dañado No para préstamo Código de colección Localización permanente Ubicación/localización actual Fecha de adquisición Fuente de adquisición Coste, precio normal de compra Número de inventario Total de préstamos Signatura topográfica completa Código de barras Fecha visto por última vez Número de copia Precio válido a partir de Tipo de ítem Koha
        Colección General Piso 2 Biblioteca Carlos Gaviria Díaz, Campus Medellín Biblioteca Carlos Gaviria Díaz, Campus Medellín 23/07/2003 Amazon.Com 53097.00 C797773   571 H687i 61000004989128 26/04/2024 1 25/04/2023 Libros